|
|
|
|
| LEADER |
00000nam0a2200000 4500 |
| 001 |
141288 |
| 005 |
20231031142404.0 |
| 010 |
|
|
|a 3540626751
|
| 035 |
|
|
|a (RuTPU)RU\TPU\book\153138
|
| 090 |
|
|
|a 141288
|
| 100 |
|
|
|a 20080807d1998 km y0engy50 ba
|
| 101 |
0 |
|
|a eng
|
| 102 |
|
|
|a DE
|
| 105 |
|
|
|a a f 001zy
|
| 200 |
1 |
|
|a Encyclopedia of Marine Sciences
|f H. G. Baretta-Bekker, E. K. Duursma, B. R. Kuipers
|
| 205 |
|
|
|a 2nd ed.
|
| 210 |
|
|
|a Berlin
|c Springer-Verlag
|d 1998
|
| 215 |
|
|
|a 357 p.
|c il.
|
| 320 |
|
|
|a References: p. 353-355.
|
| 610 |
1 |
|
|a моря
|
| 610 |
1 |
|
|a геология
|
| 610 |
1 |
|
|a биология
|
| 610 |
1 |
|
|a термины
|
| 610 |
1 |
|
|a определения
|
| 610 |
1 |
|
|a морские науки
|
| 610 |
1 |
|
|a энциклопедии
|
| 610 |
1 |
|
|a английский язык
|
| 675 |
|
|
|a 551.462(031)
|v 3
|
| 675 |
|
|
|a 574.5(031)
|v 3
|
| 700 |
|
1 |
|a Baretta-Bekker
|b H. G.
|g Hanneke G.
|
| 701 |
|
1 |
|a Duursma
|b E. K.
|g Egbert K.
|
| 701 |
|
1 |
|a Kuipers
|b B. R.
|g Bouwe R.
|
| 801 |
|
1 |
|a RU
|b 63413507
|c 20080807
|g PSBO
|
| 801 |
|
2 |
|a RU
|b 63413507
|c 20080919
|g PSBO
|
| 942 |
|
|
|c BK
|